[Event "Ruhrgebiet Verbandsklasse Gruppe 2 1415"]
[Site "Germany"]
[Date "2014.09.21"]
[Round "1.8"]
[White "Kraus, Kilian"]
[Black "Hibbeln, Christian"]
[Result "0-1"]
[WhiteElo "1655"]
[BlackElo "1802"]
[PlyCount "62"]
[EventDate "2014.09.21"]
[EventType "team-tourn"]
[EventRounds "9"]
[EventCountry "GER"]
[SourceTitle "EXT 2022"]
[Source "ChessBase"]
[SourceDate "2021.10.06"]
[SourceVersion "1"]
[SourceVersionDate "2021.10.06"]
[SourceQuality "1"]
[WhiteTeam "Oberhausen SV III"]
[BlackTeam "Horst Emscher II"]
[WhiteTeamCountry "GER"]
[BlackTeamCountry "GER"]

1. d4 e5 2. d5 Bc5 3. Nc3 Nf6 4. e4 d6 5. Be2 c6 6. Bg5 Qb6 7. Na4 Qa5+ 8. c3 Bxf2+ 9. Kxf2 Nxe4+ 10. Ke1 Nxg5 11. Bc4 b5 12. b4 Qxa4 13. Qxa4 bxa4 14. dxc6 Nxc6 15. Bb5 Bd7 16. Bxa4 0-0 17. Rd1 Ne4 18. Ne2 Rac8 19. Bc2 Bf5 20. Rg1 Rfd8 21. Bb3 Bg4 22. Rc1 d5 23. h3 Bxe2 24. Kxe2 d4 25. cxd4 Nxd4+ 26. Ke3 Nxb3 27. Rxc8 Rxc8 28. Kxe4 Rc1 29. Rxc1 Nxc1 30. Kxe5 Nxa2 31. b5 Nc3 0-1